| 000 | 00357nam a2200145Ia 4500 | ||
|---|---|---|---|
| 008 | 210716s2013 xx 000 0 und d | ||
| 020 | _a9788120347953 | ||
| 041 | _aeng | ||
| 082 | _a332.12 NADE | ||
| 100 | _aNadar, E Narayanan. | ||
| 245 | _aMoney and banking. | ||
| 250 | _a1 | ||
| 260 |
_aNew delhi _bPHI Learning Pvt Ltd _c2013 |
||
| 300 | _axviii,317 | ||
| 999 |
_c209889 _d209889 |
||